000 00704nam a2200133Ia 4500
008 220620s9999||||xx |||||||||||||| ||und||
022 _a16648714
100 _aGeorge E. Billman
245 0 _aRemodeling of cardiac passive electrical properties and susceptibility to ventricular and atrial arrhythmias
546 _aEnglish[eng]
650 _aGap Junctions||Myocardial Infarction||computer modeling||arrhythmias||Fibrosis||electrotonic coupling||cable theory||sino-atrial node||Ventricular Fibrillation||Atrial Fibrillation
856 _uhttp://journal.frontiersin.org/researchtopic/2057/remodeling-of-cardiac-passive-electrical-properties-and-susceptibility-to-ventricular-and-atrial-arr
942 _cEB
999 _c24786
_d24786